[Event "ESP-ch U18"]
[Site "Salobrena"]
[Date "2012.07.23"]
[Round "2"]
[White "Alcaraz Ortega, Javier"]
[Black "Angeleri Gastana, Rodrigo Norberto"]
[Result "1/2-1/2"]
[WhiteElo "2297"]
[BlackElo "2096"]
[PlyCount "93"]
[EventDate "2012.07.23"]
[EventType "swiss"]
[EventRounds "9"]
[EventCountry "ESP"]
[SourceTitle "EXT 2014"]
[Source "ChessBase"]
[SourceDate "2013.11.20"]
[SourceVersion "1"]
[SourceVersionDate "2013.11.20"]
[SourceQuality "1"]

1. d4 Nf6 2. Nf3 g6 3. c4 Bg7 4. Nc3 0-0 5. e4 d6 6. Be2 e5 7. 0-0 Nc6 8. d5 Ne7 9. b4 Nh5 10. Re1 a5 11. bxa5 Rxa5 12. a4 c5 13. Ra3 Ra6 14. Nd2 Nf6 15. Nb5 Nd7 16. Bd3 f5 17. exf5 gxf5 18. f4 e4 19. Be2 Kh8 20. Nf1 Nf6 21. Bb2 Neg8 22. Ne3 Nh6 23. Kh1 Rg8 24. Qa1 Qe7 25. Nf1 Nfg4 26. Bxg4 Nxg4 27. Rg3 Bxb2 28. Qxb2+ Qg7 29. Qc2 Qh6 30. h3 Bd7 31. Qc3+ Rg7 32. Kg1 Nf6 33. Rb1 Nh5 34. Rxg7 Qxg7 35. Qxg7+ Kxg7 36. Nc3 Bc8 37. g3 Kf7 38. Kf2 Ke7 39. Ke3 Nf6 40. Ra1 h5 41. Kf2 Bd7 42. Rb1 Bc8 43. Ne3 Kd8 44. Ra1 Ke7 45. Rh1 Rb6 46. Nb5 Ra6 47. Nc3 1/2-1/2

[Event "ESP-ch U18"]
[Site "Padron"]
[Date "2011.07.30"]
[Round "8"]
[White "Angeleri Gastana, Rodrigo Norberto"]
[Black "Rioboo de la Riva, Alvaro"]
[Result "1/2-1/2"]
[WhiteElo "2073"]
[BlackElo "2215"]
[PlyCount "163"]
[EventDate "2011.07.25"]
[EventType "tourn"]
[EventRounds "9"]
[EventCountry "ESP"]
[SourceTitle "EXT 2012"]
[Source "ChessBase"]
[SourceDate "2011.11.24"]
[SourceVersion "1"]
[SourceVersionDate "2011.11.24"]
[SourceQuality "1"]

1. e4 e6 2. d4 d5 3. Nd2 Nf6 4. e5 Nfd7 5. Bd3 c5 6. c3 Nc6 7. Ngf3 g5 8. dxc5 g4 9. Nd4 Ncxe5 10. Bb5 Bxc5 11. Qe2 Qc7 12. 0-0 a6 13. Ba4 b5 14. Bc2 Bxd4 15. cxd4 Qxc2 16. dxe5 Rg8 17. Qe3 Qc7 18. Re1 Bb7 19. Nb3 Rg6 20. Nd4 Nc5 21. Bd2 Ne4 22. Qf4 Rc8 23. Rac1 Qb6 24. Rxc8+ Bxc8 25. Rc1 Bd7 26. Be3 Qa5 27. a3 h5 28. Ne2 h4 29. Nc3 Nxc3 30. Rxc3 Qa4 31. Qxa4 bxa4 32. Bd4 Rg5 33. Rc7 Rf5 34. Rb7 Bb5 35. Rb8+ Kd7 36. Rg8 Rf4 37. Be3 Re4 38. Rf8 d4 39. Rxf7+ Ke8 40. Rf4 Rxf4 41. Bxf4 Kd7 42. f3 gxf3 43. gxf3 Kc6 44. Kf2 Kd5 45. Ke1 Kc4 46. Kd2 h3 47. Bh6 Kb3 48. Kc1 Bc6 49. Bf8 Kc4 50. Kd2 Kd5 51. Bg7 Bb5 52. Ke1 Bd3 53. Bh8 Bg6 54. Ke2 Bh5 55. Bg7 Kc4 56. Bf6 Bg6 57. Kd2 Kb3 58. Kc1 Bh5 59. Kd2 Kxb2 60. Be7 Bg6 61. Bc5 Kb3 62. Bxd4 Kxa3 63. Kc3 Ka2 64. Bc5 Kb1 65. Kb4 Be8 66. Ka3 Kc2 67. Bf2 Kd3 68. Bg3 Bc6 69. Bf4 Ke2 70. Bg3 Kxf3 71. Be1 Ke4 72. Bg3 Kd4 73. Bf4 Kc4 74. Bg3 Kd3 75. Be1 Ke2 76. Bg3 Ke3 77. Be1 Ke4 78. Bg3 Be8 79. Kb2 Bh5 80. Ka3 Bd1 81. Kb2 Kd4 82. Ka3 1/2-1/2

[Event "Navarra Puente Foral-A 5th"]
[Site "Navarra"]
[Date "2010.12.04"]
[Round "2.4"]
[White "Angeleri Gastana, Rodrigo Norberto"]
[Black "Saenz Narciso, Miguel Angel"]
[Result "0-1"]
[WhiteElo "2047"]
[BlackElo "2175"]
[PlyCount "108"]
[EventDate "2010.12.03"]
[EventType "swiss"]
[EventRounds "7"]
[EventCountry "ESP"]
[SourceTitle "EXT 2024"]
[Source "ChessBase"]
[SourceDate "2023.10.10"]
[SourceVersion "1"]
[SourceVersionDate "2023.10.10"]
[SourceQuality "1"]

1. c4 e5 2. Nc3 Nc6 3. Nf3 d6 4. g3 Be6 5. d3 Qd7 6. h3 h6 7. Bg2 Nge7 8. Bd2 g5 9. b4 Bg7 10. Qb3 Nd4 11. Nxd4 exd4 12. Nd5 Nxd5 13. cxd5 Bf5 14. Rc1 0-0 15. g4 Bg6 16. Bf3 Rae8 17. Kf1 f5 18. Kg2 Qf7 19. Qd1 Re7 20. Be1 Qf6 21. b5 Qe5 22. Qb3 fxg4 23. Bxg4 h5 24. Be6+ Bf7 25. Rc2 Bxe6 26. dxe6 Rf6 27. f3 h4 28. Bf2 Rfxe6 29. Rhc1 d5 30. Rc5 Rd6 31. Rxc7 Qxe2 32. Re1 Qxe1 33. Bxe1 Rxc7 34. Bd2 Bf6 35. f4 gxf4 36. Bxf4 Rg7+ 37. Kf3 Rdd7 38. Qc2 Rdf7 39. Qc8+ Rf8 40. Qe6+ Kh8 41. Bd6 Be7+ 42. Ke2 Rf6 43. Qc8+ Rg8 44. Qxb7 Bxd6 45. Qxd5 Re8+ 46. Kd1 Rf1+ 47. Kc2 Rc8+ 48. Kd2 Bb4+ 49. Ke2 Re1+ 50. Kf3 Rf8+ 51. Kg4 Rg1+ 52. Kh5 Be7 53. Qxd4+ Rg7 54. Qxa7 Rf5+ 0-1

[Event "ESP-ch U16"]
[Site "Linares"]
[Date "2010.07.23"]
[Round "6"]
[White "Angeleri Gastana, Rodrigo Norberto"]
[Black "Aranaz Murillo, Amalia"]
[Result "1-0"]
[WhiteElo "2031"]
[BlackElo "2190"]
[PlyCount "73"]
[EventDate "2010.07.20"]
[EventType "swiss"]
[EventRounds "9"]
[EventCountry "ESP"]
[SourceTitle "CBM 137 Extra"]
[Source "ChessBase"]
[SourceDate "2010.09.01"]
[SourceVersion "1"]
[SourceVersionDate "2010.09.01"]
[SourceQuality "1"]

1. e4 c6 2. d4 d5 3. Nd2 dxe4 4. Nxe4 Bf5 5. Ng3 Bg6 6. N1e2 e6 7. Nf4 Bd6 8. Bc4 Nf6 9. c3 Nbd7 10. Qf3 Nb6 11. Nxg6 hxg6 12. Bb3 Nbd5 13. Bg5 Be7 14. 0-0 a5 15. a3 0-0 16. c4 Nb6 17. Rad1 Qc7 18. Bf4 Qc8 19. Rfe1 Rd8 20. Bg5 Rd7 21. Bxf6 Bxf6 22. Ne4 Qd8 23. Nxf6+ Qxf6 24. Qe3 Qd8 25. Qc3 Nc8 26. Bc2 Ne7 27. g4 Qc7 28. Re5 b6 29. Qe3 Rad8 30. Rd3 b5 31. b3 a4 32. Rxe6 fxe6 33. Qxe6+ Kf8 34. Rf3+ Nf5 35. gxf5 gxf5 36. Rh3 g6 37. Qf6+ 1-0

[Event "Pamplona op 19th"]
[Site "Pamplona"]
[Date "2009.12.07"]
[Round "7"]
[White "Angeleri Gastana, Rodrigo Norberto"]
[Black "Corral Sierra, Javier"]
[Result "1/2-1/2"]
[WhiteElo "1826"]
[BlackElo "2072"]
[PlyCount "65"]
[EventDate "2009.12.01"]
[EventType "swiss"]
[EventRounds "7"]
[EventCountry "ESP"]
[SourceTitle "CBM 133 Extra"]
[Source "ChessBase"]
[SourceDate "2010.01.05"]
[SourceVersion "1"]
[SourceVersionDate "2010.01.05"]
[SourceQuality "1"]

1. e4 e6 2. d4 d5 3. Nd2 c5 4. Ngf3 Nc6 5. exd5 exd5 6. Bb5 Bd7 7. 0-0 Nf6 8. Re1+ Be7 9. dxc5 0-0 10. Nb3 Bg4 11. Qd3 Nb4 12. Qd2 Bxf3 13. Qxb4 Be4 14. Bd3 Qc7 15. f3 Bxd3 16. cxd3 a5 17. Bf4 Qd7 18. Nxa5 b6 19. Nb3 Ra4 20. Rxe7 Rxb4 21. Rxd7 Nxd7 22. Bd6 Ra8 23. c6 Nc5 24. Nxc5 bxc5 25. Bxc5 Rxb2 26. c7 f6 27. a4 Rb7 28. Bd6 Rb6 29. Bg3 Rc6 30. Rb1 Re6 31. Rb8+ Re8 32. Rb5 Rxa4 33. Rxd5 1/2-1/2

[Event "Pamplona op 19th"]
[Site "Pamplona"]
[Date "2009.12.01"]
[Round "1"]
[White "Fernandez Lozano, Francesco"]
[Black "Angeleri Gastana, Rodrigo Norberto"]
[Result "0-1"]
[WhiteElo "2102"]
[BlackElo "1826"]
[PlyCount "54"]
[EventDate "2009.12.01"]
[EventType "swiss"]
[EventRounds "7"]
[EventCountry "ESP"]
[SourceTitle "CBM 133 Extra"]
[Source "ChessBase"]
[SourceDate "2010.01.05"]
[SourceVersion "1"]
[SourceVersionDate "2010.01.05"]
[SourceQuality "1"]

1. d4 Nf6 2. Bg5 Ne4 3. Bf4 c5 4. f3 Qa5+ 5. c3 Nf6 6. d5 Qb6 7. Bc1 d6 8. e4 g6 9. Qc2 Bg7 10. Be3 e6 11. c4 Nxd5 12. Bc1 Ne3 13. Qd2 Nxf1 14. Kxf1 Qa6 15. Na3 Bd7 16. Ne2 0-0 17. g3 f5 18. Ke1 fxe4 19. fxe4 Qc6 20. Qd3 Na6 21. Nc2 Rf7 22. Rf1 Raf8 23. Rxf7 Rxf7 24. Rb1 e5 25. a3 Bh3 26. Ne3 Bh6 27. Nd5 Rf1# 0-1